• 首页
  • 本馆介绍
  • 公告通知
  • 最新文献
  • 馆藏检索
  • 电子资源
  • 读者荐购
  • 参考咨询
  • CALIS
  • 我的图书馆
  • 登录
  • 详细信息显示
  • 放入我的书架
  • 预约/预借图书
  • 作者相关作品
  • 分类相关作品
  • 丛书相关作品
  • 出版社相关作品

书目信息

  • 表格格式
  • 工作单格式
  • 卡片格式
题名:
实用英汉-汉英口译技巧
    
 
作者: 何高大 编著
分册:  
出版信息: 长沙   中南工业大学出版社  1997.12
页数: 447页
开本: 32开
丛书名:
单 册:
中图分类: H315.9
科图分类:
主题词: 英语
电子资源:
ISBN: 7-81061-046-5
 
 
 
 
 
000 00569nam0 2200193 45
001 0007240936
005 20000724094730.3
010    @a7-81061-046-5@d14.00元
100    @a20000724d1997 km y0chiy0120 ea
101 0  @achi
105    @a z 000yy
200 1  @a实用英汉-汉英口译技巧@AShi Yong Ying Han-Han Ying Kou Yi Ji Qiao@f何高大编著@FHe Gao Da Bian Zhu
210    @a长沙@c中南工业大学出版社@d1997.12
215    @a447页@d32开
606 0  @a英语
690    @aH315.9@v3
701  0 @a何高大@4编著
801    @aCN@bPftUser@c20000724
905    @b75251-260@dH315.9@eH137@f10
    
    实用英汉-汉英口译技巧/何高大编著.-长沙:中南工业大学出版社,1997.12
    447页;32开
    
    
    ISBN 7-81061-046-5:14.00元
    
●
相关链接 在E读中查询图书 在当当中查询图书 在豆瓣中查询图书


正题名:实用英汉-汉英口译技巧     索取号:H315.9/H137         预约/预借

序号 登录号 条形码 馆藏地/架位号 状态 备注
1 75251   200752514   自科二线504/504自科库 45排6列2层/ [索取号:H315.9/H137] 在馆    
2 75252   200752523   社科二线400B/400B社科库 11排4列1层/ [索取号:H315.9/H137] 在馆    
3 75253   200752532   语言库209/209语言库 9排2列4层/ [索取号:H315.9/H137] 在馆    
4 75254   200752541   社科二线400B/400B社科库 8排2列4层/ [索取号:H315.9/H137] 在馆    
5 75255   200752550   自科二线504/504自科库 45排6列2层/ [索取号:H315.9/H137] 在馆    
6 75256   200752569   社科二线400B/400B社科库 11排4列1层/ [索取号:H315.9/H137] 在馆    
7 75257   200752578   语言库209/209语言库 9排2列4层/ [索取号:H315.9/H137] 在馆    
8 75258   200752587   语言库209/209语言库 9排2列4层/ [索取号:H315.9/H137] 在馆    
9 75259   200752596   社科二线400B/400B社科库 8排2列4层/ [索取号:H315.9/H137] 在馆    
10 75260   200752603   自科二线504/504自科库 45排6列2层/ [索取号:H315.9/H137] 在馆    
河南城建学院图书馆 欢迎您!
大连网信软件有限公司© 版权所有